Wheel of Time characters with A initials - Statistics

General Stats
  • This quiz has been taken 67 times
  • The average score is 10 of 21
Answer Stats
Clue Answer % Correct
AF Head of the Black Ajah Alviarin Freidhen
91%
AJ One of the Great Captains Agelmar Jagad
89%
AK Queen of Ghealdan Alliandre Maritha Kigarin
86%
AG Asha'man expert in gateways Androl Genhald
83%
AL Aes Sedai advisor to the First of Mayene Annoura Larisen
80%
AM Last crowned King of Malkier Akir Mandragoran
71%
AA King of Arad Doman Alsalam Almadar
71%
AN Aes Sedai of the Brown Ajah killed by Careane Fransi Adeleas Namelle
63%
AT Kinswoman in charge of the Farm Alise Tenjile
60%
AD Tuon's Truthspeaker; Semirhage in disguise Anath Dorje
54%
AZ Aes Sedai of the Black Ajah killed by Windfinders Asne Zeramene
46%
AO Lord Captain of the Children; supposed spymaster for Niall Abdel Omerna
43%
AY Seanchan Captain of the Air Abaldar Yulan
40%
AS Aes Sedai of the Blue Ajah who held the eyes-and-ears network Aeldene Stonebridge
40%
AP Tairen Asha'man whose brother had been gentled Algarin Pendaloan
37%
AR Cairhienin noblewoman who fought the Seanchan Ailil Riatin
31%
AV Aes Sedai of the Gray Ajah captured and bonded by Asha'man Akoure Vayet
17%
AB Ruler of Far Madding Aleis Barsalla
17%
AC High Seat of Major Andoran House; exiled by Morgase Aemlyn Carand
11%
AH Lord Captain of the Children of the Light Alaabar Harnesh
6%
AE Author of humorous tales Aleria Elffi
6%
No matching quizzes found
Score Distribution
Percent of People with Each Score
Percentile by Number Answered
Your Score History
You have not taken this quiz